Constructoras : régimen contable, fiscal y de seguridad social /

Contenido: 1) Tipos de construcción; 2) Aspectos contables: a) Empresas constructoras que celebran contratos de construcción, b) Desarrolladores inmobiliarios que no celebran contratos de construcción; 3) Aspectos fiscales de empresas que celebran contratos de construcción; 4) Aspectos fiscales de l...

Descripción completa

Guardado en:
Detalles Bibliográficos
Autor principal: Pérez Chávez, José (autor)
Otros autores: Campero Guerrero, Eladio (autor) (autor), Fol Olguín, Raymundo (autor) (autor)
Formato: Libro
Idioma:Español
Publicado: México : Tax, 2016, c2015
Edición:11a edición
Temas:
Etiquetas: Agrega una etiqueta
Sin etiquetas, Sé el primero en etiquetar este registro!

MARC

LEADER 00000nam^a2200000^a^4500
001 000357689
005 20250521000000.0
009 20260310115307.003
020 |a 978-607-440-747-1 
020 |a 978-607-440-866-9 
037 |a Acervo ITESO - Biblioteca 
041 |a ESP 
082 |a 657. 86900972  |b PER 
100 |a Pérez Chávez, José  |e (autor) 
245 1 0 |a Constructoras :  |b régimen contable, fiscal y de seguridad social /  |c J. Pérez Chávez, E. Campero Guerrero, R. Fol Olguín. 
250 |a 11a edición 
264 4 |a México :  |b Tax,  |c 2016, c2015 
300 |a 239 p. 
336 |a texto  |b txt  |2 rdacontenido 
337 |a sin mediación  |b n  |2 rdamedio 
338 |a volumen  |b nc  |2 rdasoporte 
520 |a Contenido: 1) Tipos de construcción; 2) Aspectos contables: a) Empresas constructoras que celebran contratos de construcción, b) Desarrolladores inmobiliarios que no celebran contratos de construcción; 3) Aspectos fiscales de empresas que celebran contratos de construcción; 4) Aspectos fiscales de los desarrolladores inmobiliarios que no celebran contratos de construcción; 5) Aspectos de seguridad social. 
521 |a 2015 BO Licenciatura en Ingeniería Civil 
649 |a XX 
650 |a Industria de la Construcción -  |z México -  |x Contabilidad -  |x Tema Principal 
650 |a Impuestos al Valor Agregado -  |z México 
650 |a Impuestos sobre la Renta -  |z México 
650 |a Impuestos -  |z México 
650 |a Contabilidad Fiscal -  |z México -  |x Tema Principal 
650 |a Contratos de Obra Pública -  |z México 
650 |a Contratos Administrativos -  |z México 
650 |a Seguridad Social -  |z México 
650 |a Derecho Fiscal -  |z México 
650 |a Derecho Social -  |z México 
650 |a Ciencias Administrativas 
700 |a Campero Guerrero, Eladio  |e (autor) 
700 |a Fol Olguín, Raymundo  |e (autor) 
910 |a Fondo General 
920 |a Impresos - Libros 
930 |a Colección General 
905 |a 101 
901 |a 0500250465  |b IT1  |c ACC  |i C147604  |u 20250521 
901 |a 0500260488  |b IT1  |c ACC  |i C149951  |u 20250521 
902 |a https://opac.biblio.iteso.mx/vufind/Record/000357689